000 00589nam a2200193 a 4500
001 000012429
005 20240412074232.0
008 091112s1985 dr 001 f spa d
040 _aDO-SdBNP
_bspa
_cBNPHU
082 _aRD863.44
_bH565d
100 1 _aHerrera, Milciades
_926821
245 1 0 _aDon Lico, ilusión de un viaje /
_cMilciades Herrera.
260 _aHigüey :
_bBúho,
_c1985.
300 _a82 p. ;
_c21 cm.
590 _aInventariado, 2019/BT
650 0 _aNovelas dominicanas
_929128
650 0 _aLiteratura dominicana.
_967
910 _aValidado. Control de calidad MMOLINA
999 _c12086
_d12086